| Tag |
First Indicator |
Second Indicator |
Subfields |
| LEADER |
00000cam a2200000 4500 |
| 001 |
in00000309949 |
| 005 |
20151010094108.0 |
| 008 |
691030s1969 mauac b 00110beng |
| 010 |
|
|
|a 66012066
|
| 035 |
|
|
|a (OCoLC)00020694
|
| 035 |
|
|
|9 ABG8860AM
|
| 040 |
|
|
|a DLC
|c DLC
|d TXA
|d UtOrBLW
|
| 049 |
|
|
|a TXAM
|c [641123]
|
| 050 |
0 |
0 |
|a DA555
|b .C82 1969
|
| 082 |
0 |
|
|a 942.081/0924
|
| 100 |
1 |
|
|a Cullen, Tom A.
|
| 245 |
1 |
4 |
|a The Empress Brown ;
|b The true story of a Victorian scandal /
|c by Tom Cullen. Illustrated with photos.
|
| 264 |
|
1 |
|a Boston :
|b Houghton Mifflin,
|c 1969.
|
| 300 |
|
|
|a ix, 250 pages :
|b illustrations, portraits ;
|c 22 cm.
|
| 336 |
|
|
|a text
|b txt
|2 rdacontent
|
| 337 |
|
|
|a unmediated
|b n
|2 rdamedia
|
| 338 |
|
|
|a volume
|b nc
|2 rdacarrier
|
| 504 |
|
|
|a Bibliography: pages [231]-240.
|
| 600 |
0 |
0 |
|a Victoria,
|c Queen of Great Britain,
|d 1819-1901.
|
| 600 |
1 |
0 |
|a Brown, John,
|d 1826-1883.
|
| 999 |
|
|
|a MARS
|
| 999 |
f |
f |
|s 0c7baca5-1810-3e00-8f3c-fccce834d100
|i d0941921-1da9-3b36-bba5-876837b4e00d
|t 0
|
| 952 |
f |
f |
|p ric
|a Texas A&M University
|b Rellis Campus
|c Joint Library Facility
|d Remote Storage
|t 0
|e DA555 .C82 1969
|h Library of Congress classification
|i unmediated -- volume
|m A14801932079
|
| 998 |
f |
f |
|a DA555 .C82 1969
|t 0
|l Remote Storage
|